Statistics for Wings of Fire Books 1-15

Click here to take the quiz!

General Stats

  • This quiz has been taken 78 times
  • The average score is 13 of 15

Answer Stats

Book NumberAnswer% Correct
5The Brightest Night
96%
1The Dragonet Prophecy
96%
2The Lost Heir
96%
6Moon Rising
95%
7Winter Turning
93%
8Escaping Peril
91%
4The Dark Secret
91%
9Talons of Power
89%
3The Hidden Kingdom
89%
10Darkness of Dragons
82%
12The Hive Queen
82%
11The Lost Continent
82%
13The Poison Jungle
81%
14The Dangerous Gift
75%
15The Flames of Hope
75%

Score Distribution

Percentile by Number Answered

Percent of People with Each Score

Your Score History

You have not taken this quiz